000 00334 a2200133 4500
005 20250628083221.0
020 _a13: 978-1-25-900164-2
082 _a658.4012 PEA.
100 _aPEARCE II, J. A.
245 _aStrategic Management,
250 _a12th Ed.
260 _aNew York,
_bMc Graw Hill Irwin Education,
_c200.
942 _2ddc
_cBKS
999 _c5900
_d5900